[Event "POL-chT 2nd League"]
[Site "Jastrzebia Gora"]
[Date "2023.09.02"]
[Round "1.18"]
[White "Bartczak, Hanna"]
[Black "Bukowska, Katarzyna"]
[Result "0-1"]
[WhiteElo "1482"]
[BlackElo "1732"]
[PlyCount "116"]
[EventDate "2023.09.02"]
[EventType "team-swiss"]
[EventRounds "9"]
[EventCountry "POL"]
[SourceTitle "EXT 2024"]
[Source "ChessBase"]
[SourceDate "2023.10.10"]
[SourceVersion "1"]
[SourceVersionDate "2023.10.10"]
[SourceQuality "1"]
[WhiteTeam "Skoczek Trojanski"]
[BlackTeam "Konin Hetman"]
[WhiteTeamCountry "POL"]
[BlackTeamCountry "POL"]

1. d4 d5 2. Bf4 Nf6 3. Nc3 a6 4. e3 e6 5. Bd3 c5 6. Nf3 Nc6 7. dxc5 Bxc5 8. 0-0 0-0 9. h3 Bd6 10. Bg5 h6 11. Bh4 b5 12. Nd4 Bb7 13. Qf3 Ne5 14. Qd1 Nc4 15. Qc1 Rc8 16. Nd1 g5 17. Bg3 Bxg3 18. fxg3 Nd7 19. b3 Nce5 20. Qd2 Nc5 21. Nf2 Qd6 22. Ne2 Ng6 23. Ng4 f5 24. Nxh6+ Kh7 25. Nxf5 exf5 26. Bxf5 Rce8 27. h4 Qe5 28. Nd4 Ne4 29. Bxe4 Qxe4 30. hxg5 Qxe3+ 31. Qxe3 Rxe3 32. Rxf8 Nxf8 33. Kf2 Re5 34. Nf3 Re7 35. Rh1+ Kg7 36. Rh6 Ng6 37. Nd4 Re5 38. Rh5 b4 39. Nf3 Re8 40. Rh1 a5 41. Nh4 Nxh4 42. gxh4 d4 43. Re1 Rxe1 44. Kxe1 Bxg2 45. h5 Be4 46. Kd2 Kf7 47. Kc1 Ke6 48. Kd2 Bf5 49. Kc1 Bg4 50. h6 Bf5 51. Kd2 Kf7 52. Kd1 Kg6 53. Kd2 Kxg5 54. Kd1 Kxh6 55. Kd2 Kg5 56. Kd1 Kf4 57. Kd2 Kf3 58. Kd1 Ke3 0-1

[Event "Polanica Zdroj op-C 58th"]
[Site "Polanica Zdroj"]
[Date "2022.08.20"]
[Round "8"]
[White "Swierczynski, Stanislaw1111"]
[Black "Bukowska, Katarzyna"]
[Result "1/2-1/2"]
[WhiteElo "1626"]
[BlackElo "1842"]
[PlyCount "75"]
[EventDate "2022.08.13"]
[EventType "swiss"]
[EventRounds "9"]
[EventCountry "POL"]
[SourceTitle "CBM 210 Extra"]
[Source "ChessBase"]
[SourceDate "2022.11.30"]
[SourceVersion "1"]
[SourceVersionDate "2022.11.30"]
[SourceQuality "1"]

1. e4 e5 2. Nf3 Nc6 3. Bb5 a6 4. Bxc6 dxc6 5. 0-0 Bg4 6. h3 Bh5 7. d3 Qf6 8. Be3 Bxf3 9. Qxf3 Qxf3 10. gxf3 0-0-0 11. f4 Bd6 12. f5 f6 13. Nd2 g6 14. fxg6 hxg6 15. Kg2 g5 16. f3 Ne7 17. Rh1 Ng6 18. Nf1 Rdg8 19. Nh2 Kd7 20. Ng4 Ke6 21. Nh2 Kd7 22. Ng4 Ke6 23. Rad1 Rd8 24. b3 Bb4 25. a4 Bc3 26. Kg3 Bb4 27. Kg2 Bc3 28. Kg3 Rd7 29. Kg2 Rdd8 30. Kg3 Rd7 31. Kg2 Rdd8 32. Kg3 Rd7 33. Kg2 Nh4+ 34. Kg3 Rdd8 35. Bd2 Bxd2 36. Rxd2 Ng6 37. Ne3 a5 38. Nf5 1/2-1/2

[Event "POL-chT 2nd League"]
[Site "Sypniewo"]
[Date "2021.09.08"]
[Round "5.6"]
[White "Czarnecka, Lidia"]
[Black "Bukowska, Katarzyna"]
[Result "1/2-1/2"]
[WhiteElo "1889"]
[BlackElo "1844"]
[PlyCount "58"]
[EventDate "2021.09.04"]
[EventType "team-swiss"]
[EventRounds "9"]
[EventCountry "POL"]
[SourceTitle "CBM 204 Extra"]
[Source "ChessBase"]
[SourceDate "2021.11.30"]
[SourceVersion "1"]
[SourceVersionDate "2021.11.30"]
[SourceQuality "1"]
[WhiteTeam "Wieliczka MKS MOS"]
[BlackTeam "Konin Hetman"]
[WhiteTeamCountry "POL"]
[BlackTeamCountry "POL"]

1. e4 e5 2. Nf3 Nc6 3. d4 exd4 4. Nxd4 Nf6 5. Nxc6 bxc6 6. Qe2 Be7 7. e5 Nd5 8. c4 Nb6 9. Qg4 g6 10. Bh6 Bf8 11. Bxf8 Kxf8 12. Nc3 d6 13. Qe4 Bf5 14. Qxc6 Kg7 15. Be2 Re8 16. 0-0 Rxe5 17. Qf3 Qe7 18. Bd3 Bxd3 19. Qxd3 Re8 20. Rad1 Kg8 21. b3 a5 22. h3 Qf8 23. Nb5 Qe7 24. Nd4 Qd7 25. Qc3 a4 26. Rd3 axb3 27. axb3 Nc8 28. Nb5 Qc6 29. Nd4 Qb7 1/2-1/2

[Event "POL-chT 2nd League"]
[Site "Szklarska Poreba"]
[Date "2017.09.02"]
[Round "1.8"]
[White "Bukowska, Katarzyna"]
[Black "Moscicka, Pola"]
[Result "1/2-1/2"]
[WhiteElo "1912"]
[BlackElo "1894"]
[PlyCount "63"]
[EventDate "2017.09.02"]
[EventType "team-swiss"]
[EventRounds "9"]
[EventCountry "POL"]
[SourceTitle "CBM 180 Extra"]
[Source "ChessBase"]
[SourceDate "2017.10.06"]
[SourceVersion "1"]
[SourceVersionDate "2017.10.06"]
[SourceQuality "1"]
[WhiteTeam "Konin Hetman"]
[BlackTeam "Chylice Laura"]
[WhiteTeamCountry "POL"]
[BlackTeamCountry "POL"]

1. e4 c5 2. Nf3 e6 3. d4 cxd4 4. Nxd4 Nf6 5. Nc3 Nc6 6. Be2 Bb4 7. 0-0 d5 8. exd5 exd5 9. Bg5 Bxc3 10. bxc3 0-0 11. Bd3 h6 12. Bf4 Be6 13. Re1 Qd7 14. Qd2 Nxd4 15. cxd4 Bf5 16. Re3 Ne4 17. Bxe4 Bxe4 18. c4 Rac8 19. c5 b6 20. Bd6 Rfe8 21. Rae1 Re6 22. f3 Bf5 23. Re5 Rce8 24. Qf4 f6 25. Rxe6 Rxe6 26. Re3 Qe8 27. Rxe6 Qxe6 28. Qd2 Kf7 29. Kf2 bxc5 30. Bxc5 a6 31. g4 Bg6 32. Qe3 1/2-1/2

[Event "POL-chT 2nd League"]
[Site "Jastrzebia Gora"]
[Date "2016.09.04"]
[Round "2.54"]
[White "Bukowska, Katarzyna"]
[Black "Wasik, Justyna"]
[Result "1-0"]
[WhiteElo "1887"]
[BlackElo "1385"]
[PlyCount "111"]
[EventDate "2016.09.03"]
[EventType "team-swiss"]
[EventRounds "9"]
[EventCountry "POL"]
[SourceTitle "EXT 2017"]
[Source "ChessBase"]
[SourceDate "2016.10.25"]
[SourceVersion "1"]
[SourceVersionDate "2016.10.25"]
[SourceQuality "1"]
[WhiteTeam "Konin Hetman"]
[BlackTeam "Rzeszow"]
[WhiteTeamCountry "POL"]
[BlackTeamCountry "POL"]

1. e4 d6 2. d4 g6 3. Nc3 Bg7 4. h3 Nc6 5. Nf3 Nf6 6. Be3 0-0 7. Qd2 e5 8. d5 Ne7 9. 0-0-0 Nxe4 10. Nxe4 f5 11. Neg5 f4 12. Bd4 h6 13. Bc3 hxg5 14. Nxg5 Nf5 15. Ne4 b6 16. Kb1 Bb7 17. Bc4 Qe7 18. Qe2 a6 19. Qg4 b5 20. Be2 c6 21. Qxg6 cxd5 22. Bg4 dxe4 23. Bxf5 d5 24. Be6+ Rf7 25. Bxe5 Qf8 26. Bxf7+ Qxf7 27. Qxf7+ Kxf7 28. Bxf4 Ke6 29. Rhe1 Rf8 30. g3 Kf5 31. c3 Rh8 32. h4 Bf6 33. Be3 Kg4 34. Kc2 Rc8 35. Kb3 Rc6 36. Rh1 a5 37. a4 bxa4+ 38. Kxa4 Rc4+ 39. Kb3 Bc6 40. Ra1 a4+ 41. Ka2 d4 42. Bxd4 Bxd4 43. cxd4 Rxd4 44. Rad1 Bd5+ 45. Kb1 Rd3 46. Rxd3 exd3 47. Rd1 Be4 48. Kc1 Kf3 49. Re1 Bf5 50. Re5 Bh7 51. Re7 Bg6 52. Kd2 Kxf2 53. Re3 Kg2 54. Rxd3 Bxd3 55. Kxd3 Kxg3 56. h5 1-0

[Event "POL-chT 2nd League"]
[Site "Jastrzebia Gora"]
[Date "2015.09.09"]
[Round "5.84"]
[White "Bukowska, Katarzyna"]
[Black "Harazinska, Magdalena"]
[Result "1/2-1/2"]
[WhiteElo "1923"]
[BlackElo "1819"]
[PlyCount "80"]
[EventDate "2015.09.05"]
[EventType "team-swiss"]
[EventRounds "9"]
[EventCountry "POL"]
[SourceTitle "EXT 2017"]
[Source "ChessBase"]
[SourceDate "2016.10.25"]
[SourceVersion "1"]
[SourceVersionDate "2016.10.25"]
[SourceQuality "1"]
[WhiteTeam "Konin Hetman"]
[BlackTeam "Victoria Komplexbud"]
[WhiteTeamCountry "POL"]
[BlackTeamCountry "POL"]

1. e4 c5 2. Nf3 e6 3. d4 cxd4 4. Nxd4 Qb6 5. Nc3 Bc5 6. Na4 Qa5+ 7. c3 Bxd4 8. Qxd4 e5 9. Qc5 Qxc5 10. Nxc5 Nf6 11. f3 b6 12. Nd3 Nc6 13. Bg5 h6 14. Bh4 d6 15. Rd1 Be6 16. Nc1 Ke7 17. Bb5 Na5 18. b3 a6 19. Bd3 b5 20. 0-0 Rac8 21. Ne2 g5 22. Bg3 Nh5 23. Be1 Nb7 24. Bd2 Nc5 25. Be3 Nxd3 26. Rxd3 Nf4 27. Nxf4 gxf4 28. Bb6 f5 29. Rfd1 Rc6 30. Ba5 fxe4 31. fxe4 Bf7 32. Bb4 Rd8 33. g3 fxg3 34. Rxg3 Rg8 35. Rxg8 Bxg8 36. Kf2 Bf7 37. Ke3 Be6 38. Rd2 Bf7 39. Rd1 Be6 40. Rd2 Bf7 1/2-1/2

[Event "POL-chT 2nd League"]
[Site "Jastrzebia Gora"]
[Date "2015.09.06"]
[Round "2.90"]
[White "Bukowska, Katarzyna"]
[Black "Parol, Pola"]
[Result "1/2-1/2"]
[WhiteElo "1923"]
[BlackElo "1760"]
[PlyCount "103"]
[EventDate "2015.09.05"]
[EventType "team-swiss"]
[EventRounds "9"]
[EventCountry "POL"]
[SourceTitle "EXT 2017"]
[Source "ChessBase"]
[SourceDate "2016.10.25"]
[SourceVersion "1"]
[SourceVersionDate "2016.10.25"]
[SourceQuality "1"]
[WhiteTeam "Konin Hetman"]
[BlackTeam "Minsk Mazowiecki MTSz"]
[WhiteTeamCountry "POL"]
[BlackTeamCountry "POL"]

1. e4 c5 2. Nf3 e6 3. d4 cxd4 4. Nxd4 a6 5. Nc3 Qc7 6. Be2 Nf6 7. 0-0 Bb4 8. Qd3 Nc6 9. Nxc6 bxc6 10. Bg5 Be7 11. Be3 d5 12. f4 0-0 13. Kh1 Bb7 14. exd5 cxd5 15. Bd4 Ne4 16. Nxe4 dxe4 17. Qg3 g6 18. c4 f5 19. Rad1 Rad8 20. b3 Bc5 21. Bxc5 Qxc5 22. Qc3 Rxd1 23. Bxd1 Rd8 24. Qf6 Qd6 25. h4 Rf8 26. Qc3 Qe7 27. h5 gxh5 28. Qg3+ Qg7 29. Qxg7+ Kxg7 30. Bxh5 Rd8 31. Rd1 Rxd1+ 32. Bxd1 Kf6 33. Kg1 e3 34. Kf1 Be4 35. g3 Bd3+ 36. Be2 Be4 37. b4 a5 38. a3 axb4 39. axb4 e5 40. c5 exf4 41. gxf4 Ke7 42. Ke1 Kf6 43. b5 Ke7 44. b6 Kd8 45. Ba6 Bf3 46. Bd3 h5 47. Bxf5 h4 48. Bh3 Ke7 49. Bc8 Kd8 50. Bh3 Ke7 51. Bf1 Ke6 52. Bh3+ 1/2-1/2